[Event "AUTO-ADV-4159"]
[Site "http://www.queenalice.com/game.php?id=1566384"]
[Date "2019.4.2"]
[Round "1"]
[White "renatomfelipe"]
[Black "otavio01"]
[Result "1-0"]
[WhiteElo "1815"]
[BlackElo "1833"]

1. e4 e5 2. Nf3 Nc6 3. c4 Nf6 4. d3 Bc5 5. h3 d6 6. a3 Be6 7. b4 Bd4 8. Nxd4
Nxd4 9. Bb2 O-O 10. Bxd4 exd4 11. Be2 c5 12. Nd2 b6 13. b5 a6 14. a4 axb5 15.
axb5 Rxa1 16. Qxa1 Nh5 17. Bxh5 Qg5 18. Bf3 Re8 19. h4 Qf6 20. Qa7 Qd8 21. g3
Re7 22. Qa3 Qb8 23. O-O Ra7 24. Qb2 Qa8 25. e5 Qb8 26. exd6 Qxd6 27. Ra1 Rxa1+
28. Qxa1 f6 29. Qa8+ Kf7 30. Qb7+ Kg6 31. h5+ Kh6 32. Ne4 Qd8 33. g4 g5 34. hxg6
Kxg6 35. Qc6 Kf7 36. Nd6+ Ke7 37. Nf5+ Kf7 38. Bd5 Bxd5 39. Qxd5+ Qxd5 40. cxd5
Ke8 41. Kg2 Kf7 42. Kg3 Ke8 43. Kf4 Kf7 44. g5 fxg5+ 45. Kxg5 Ke8 46. Kf6 Kd7
47. f4 h5 48. Kg5 h4 49. Kxh4 c4 50. dxc4 d3 51. Ne3 Kd6 52. Kg4 Kc5 53. Kf3 Kd6
54. Ke4 Ke7 55. Kxd3 Kf6 56. Ke4 Ke7 57. Ke5 Kd7 58. f5 Ke7 59. d6+ 1-0

[Event "AUTO-ADV-4159"]
[Site "http://www.queenalice.com/game.php?id=1566399"]
[Date "2019.4.2"]
[Round "1"]
[White "juim"]
[Black "renatomfelipe"]
[Result "0-1"]
[WhiteElo "1626"]
[BlackElo "1844"]

1. e4 c5 2. d3 e6 3. Nf3 Nc6 4. Be3 b6 5. Be2 Bb7 6. Bg5 Be7 7. Bxe7 Ngxe7 8.
O-O h6 9. Nh4 Nd4 10. Nc3 Nxe2+ 11. Qxe2 e5 12. Qg4 O-O 13. Qh5 Nc6 14. Nf5 Qf6
15. Nd5 Qg5 16. Qxg5 hxg5 17. Rfe1 g6 18. Nf6+ Kh8 19. Re3 gxf5 20. exf5 Kg7 21.
Nxd7 Rfe8 22. Nxe5 Nxe5 23. Rae1 f6 24. Kh1 Bc8 25. f4 gxf4 26. Rh3 Bxf5 27. Rh4
Ng6 28. Rxe8 Rxe8 29. a4 Re1# 0-1

[Event "AUTO-ADV-4159"]
[Site "http://www.queenalice.com/game.php?id=1566400"]
[Date "2019.4.2"]
[Round "1"]
[White "renatomfelipe"]
[Black "juim"]
[Result "0-1"]
[WhiteElo "1851"]
[BlackElo "1619"]

1. e4 d5 2. exd5 Qxd5 3. Nc3 Qd8 4. Nf3 Bg4 5. Be2 e6 6. h3 Bxf3 7. Bxf3 Bb4 8.
Bxb7 Nd7 9. Bxa8 Qxa8 10. O-O Ngf6 11. Ne2 O-O 12. a3 Bd6 13. d3 Ne5 14. d4 Ng6
15. Bg5 Ne4 16. Be3 Nh4 17. f3 Ng3 18. Nxg3 Bxg3 19. Qd2 Qb8 20. b4 c6 21. Bf2
Bf4 22. Qd3 Nxg2 23. Kxg2 f5 24. Be3 Bc7 25. Rab1 e5 26. Qc4+ Kh8 27. dxe5 Bxe5
28. Qxc6 g5 29. Bxg5 Rf7 30. f4 Bd4 31. c3 Bg7 32. Kh2 Rc7 0-1

[Event "AUTO-ADV-4159"]
[Site "http://www.queenalice.com/game.php?id=1566411"]
[Date "2019.4.2"]
[Round "1"]
[White "renatomfelipe"]
[Black "Mikalus"]
[Result "0-1"]
[WhiteElo "1811"]
[BlackElo "1861"]

1. e4 c5 2. Nf3 Nc6 3. b3 e6 4. Bb2 Nf6 5. d3 Be7 6. g3 d6 7. Bg2 O-O 8. Nc3 Ng4
9. h3 Nge5 10. Nxe5 Nxe5 11. Qe2 a6 12. a4 Bd7 13. f4 Nc6 14. O-O-O Nd4 15. Qe3
b5 16. Na2 Bf6 17. e5 dxe5 18. fxe5 Bg5 19. Bxa8 Bxe3+ 20. Kb1 Qxa8 0-1

[Event "AUTO-ADV-4159"]
[Site "http://www.queenalice.com/game.php?id=1566412"]
[Date "2019.4.2"]
[Round "1"]
[White "Mikalus"]
[Black "renatomfelipe"]
[Result "1/2-1/2"]
[WhiteElo "1830"]
[BlackElo "1845"]

1. e4 c5 2. Nf3 Nc6 3. Bc4 e6 4. Nc3 a6 5. a4 Be7 6. O-O Na5 7. Be2 d6 8. d4
cxd4 9. Qxd4 e5 10. Qd1 Nf6 11. Qd3 O-O 12. Bd2 Nc6 13. Nd5 Nxd5 14. exd5 Nb8
15. c4 Nd7 16. b4 Nf6 17. Bg5 h6 18. Bh4 Nd7 19. Bxe7 Qxe7 20. Nd2 Nf6 21. Rae1
Bg4 22. Ne4 Bxe2 23. Rxe2 Nxe4 24. Qxe4 Rac8 25. f4 f5 26. Qf3 e4 27. Qc3 Qf6
28. Qxf6 Rxf6 29. Rc1 b6 30. g3 g6 31. Kf2 Rf7 32. Ke3 Rfc7 33. Rec2 Kf7 1/2-1/2

[Event "AUTO-ADV-4167"]
[Site "http://www.queenalice.com/game.php?id=1567932"]
[Date "2019.4.17"]
[Round "1"]
[White "Clauceri"]
[Black "renatomfelipe"]
[Result "0-1"]
[WhiteElo "1910"]
[BlackElo "1771"]

1. c4 e5 2. Nc3 b6 3. Nf3 d6 4. g3 Bb7 5. Bg2 h6 6. O-O Be7 7. d4 exd4 8. Nxd4
Bxg2 9. Kxg2 Nf6 10. Qd3 c5 11. Nf5 O-O 12. Nxe7+ Qxe7 13. Bf4 Rd8 14. Rad1 Nc6
15. Bxd6 Qe6 16. Nd5 Qxd6 17. Nxf6+ Qxf6 18. Qb1 Rxd1 19. Rxd1 Rd8 20. Rxd8+
Qxd8 21. Qe4 Qd7 22. e3 Qe6 23. Qxe6 fxe6 24. f4 g6 25. Kf3 Kf7 26. g4 Kf6 27.
h4 e5 28. Ke4 Ke6 29. f5+ gxf5+ 30. gxf5+ Kd6 31. Kf3 Nd8 32. Kg4 Ke7 33. Kh5
Kf6 34. e4 Nf7 35. a3 Nd6 36. Kxh6 Nxe4 37. h5 Ng5 0-1

[Event "AUTO-ADV-4167"]
[Site "http://www.queenalice.com/game.php?id=1567933"]
[Date "2019.4.17"]
[Round "1"]
[White "renatomfelipe"]
[Black "Clauceri"]
[Result "0-1"]
[WhiteElo "1826"]
[BlackElo "1962"]

1. e4 c5 2. b3 Nc6 3. Bb2 e5 4. Nf3 Nf6 5. d3 d5 6. exd5 Nxd5 7. c4 Nf6 8. Nc3
a6 9. Ne4 Nd4 10. Nxf6+ Qxf6 11. Bxd4 exd4 12. Be2 Bd6 13. Qd2 O-O 14. O-O Bf4
15. Qd1 Re8 16. g3 Bc7 17. Re1 Ba5 18. Nd2 Bf5 19. Bf1 Kf8 20. Rxe8+ Rxe8 21.
Nf3 Bg4 22. Bg2 Re1+ 0-1

[Event "AUTO-ADV-4167"]
[Site "http://www.queenalice.com/game.php?id=1567948"]
[Date "2019.4.17"]
[Round "1"]
[White "renatomfelipe"]
[Black "APSHOOTER"]
[Result "1-0"]
[WhiteElo "1778"]
[BlackElo "1736"]

1. e4 e5 2. Nf3 d6 3. h3 h6 4. Nc3 a6 5. b3 Be6 6. Bb2 Nf6 7. d3 Nc6 8. Be2 Be7
9. a3 Qd7 10. O-O O-O-O 11. b4 Na7 12. Qd2 c5 13. bxc5 dxc5 14. Rfd1 Nc6 15. Nb1
g5 16. Nxe5 Nxe5 17. Bxe5 Rhg8 18. Bxf6 Bxf6 19. c3 Bb3 20. Re1 c4 21. Bg4 Bxc3
22. Bxd7+ Rxd7 23. Qxc3 Rxd3 24. Qf6 Rd1 25. Rxd1 Bxd1 26. Qxf7 1-0

[Event "AUTO-ADV-4167"]
[Site "http://www.queenalice.com/game.php?id=1567949"]
[Date "2019.4.17"]
[Round "1"]
[White "APSHOOTER"]
[Black "renatomfelipe"]
[Result "1-0"]
[WhiteElo "1726"]
[BlackElo "1797"]

1. e4 c5 2. Bc4 e6 3. Nc3 Nc6 4. a3 a6 5. Nf3 b5 6. Be2 Bb7 7. d4 cxd4 8. Nxd4
Nxd4 9. Be3 Nxe2 10. Qxe2 Nf6 11. h3 Nxe4 12. Nxe4 Bxe4 13. f3 Bc6 14. O-O-O Be7
15. h4 Bxh4 16. Bc5 Be7 17. Bd6 Bxd6 18. Rxd6 Bd5 19. Rxd5 O-O 20. Rd6 Qe7 21.
Qd3 Rfd8 22. Qxh7+ 1-0

[Event "AUTO-ADV-4167"]
[Site "http://www.queenalice.com/game.php?id=1567950"]
[Date "2019.4.17"]
[Round "1"]
[White "renatomfelipe"]
[Black "MarcosT"]
[Result "0-1"]
[WhiteElo "1779"]
[BlackElo "1974"]

1. e4 d6 2. d4 Nf6 3. Nc3 g6 4. e5 dxe5 5. dxe5 Qxd1+ 6. Nxd1 Nd5 7. Nf3 Bd7 8.
Bc4 e6 9. O-O Bg7 10. Bxd5 exd5 11. Bg5 O-O 12. Re1 Be6 13. c3 Nd7 14. a4 Rfe8
15. h3 Nb6 16. b3 c5 17. a5 Nd7 18. g4 a6 19. Nb2 b6 20. axb6 Nxb6 21. Nd3 c4
22. bxc4 Nxc4 23. Nc5 Bc8 24. Bf6 a5 25. Bxg7 Kxg7 26. Nb3 a4 27. Nbd2 Bb7 28.
Nxc4 dxc4 29. Nd4 Ra6 30. Ra2 Bd5 31. g5 h6 32. h4 hxg5 33. hxg5 Rb8 34. Rea1
Rh8 35. f3 Rb6 36. Rg2 a3 37. Rxa3 Rb1+ 38. Kf2 Rb2+ 39. Kg1 Rb1+ 40. Kf2 Rhh1
41. Kg3 Rh5 42. Kg4 Rbh1 43. Ra5 R1h3 44. Nf5+ gxf5+ 45. Kxf5 Be6+ 46. Kf4 Kg6
47. Rg1 R5h4+ 48. Ke3 Bf5 49. Ra6+ Kg7 50. Rf6 Bg6 51. Rf4 Rxf4 52. Kxf4 Bh5 53.
Rg3 Rh1 0-1

[Event "AUTO-ADV-4167"]
[Site "http://www.queenalice.com/game.php?id=1567951"]
[Date "2019.4.17"]
[Round "1"]
[White "MarcosT"]
[Black "renatomfelipe"]
[Result "0-1"]
[WhiteElo "1927"]
[BlackElo "1803"]

1. e4 c5 2. Nf3 e6 3. c3 Nc6 4. d4 cxd4 5. cxd4 d5 6. e5 h6 7. Bb5 a6 8. Ba4 b5
9. Bb3 Na5 10. Bd2 Nxb3 11. Qxb3 Ne7 12. O-O Nf5 13. Bc3 Bd7 14. Nbd2 a5 15. a3
a4 16. Qc2 h5 17. Bb4 Bxb4 18. axb4 g5 19. Rfe1 h4 20. Ra3 g4 0-1

[Event "AUTO-ADV-4181"]
[Site "http://www.queenalice.com/game.php?id=1571846"]
[Date "2019.5.22"]
[Round "1"]
[White "renatomfelipe"]
[Black "Capixaba789"]
[Result "1/2-1/2"]
[WhiteElo "1838"]
[BlackElo "1785"]

1. e4 d5 2. e5 e6 3. d4 Nc6 4. Bb5 Bd7 5. c3 h5 6. h4 Nh6 7. g3 Nf5 8. Bd2 Be7
9. Bd3 a6 10. Bxf5 exf5 11. f4 Be6 12. Nf3 Qd7 13. b4 b5 14. a4 Rb8 15. a5 g6
16. Ng5 Bxg5 17. hxg5 Ke7 18. Be3 Rh7 19. Nd2 Rbh8 20. Rh4 Qe8 21. Nb3 Qa8 22.
Nc5 Nd8 23. Qb3 c6 24. Kd1 1/2-1/2

[Event "AUTO-ADV-4181"]
[Site "http://www.queenalice.com/game.php?id=1571847"]
[Date "2019.5.22"]
[Round "1"]
[White "Capixaba789"]
[Black "renatomfelipe"]
[Result "1-0"]
[WhiteElo "1820"]
[BlackElo "1846"]

1. e4 c5 2. Nf3 d5 3. exd5 Qxd5 4. Nc3 Qc6 5. d3 e6 6. Be2 Be7 7. Bf4 Nd7 8. O-O
h6 9. Ne4 Ndf6 10. Ne5 Qb6 11. b3 Nxe4 12. dxe4 Nf6 13. a4 O-O 14. Kh1 Rd8 15.
Qc1 Nd7 16. Nc4 Qc6 17. Qe3 Nf6 18. e5 Nd5 19. Qg3 Nxf4 20. Qxf4 Bg5 21. Qf3
Qxf3 22. Bxf3 Rb8 23. Rfd1 b6 24. Rxd8+ Bxd8 25. Rd1 Be7 26. Be4 g6 27. Nd6 Kf8
28. Nc4 Ba6 29. Nd6 Rd8 30. f4 Kg7 31. h3 1-0

[Event "AUTO-ADV-4181"]
[Site "http://www.queenalice.com/game.php?id=1571848"]
[Date "2019.5.22"]
[Round "1"]
[White "renatomfelipe"]
[Black "Regina1962"]
[Result "1-0"]
[WhiteElo "1836"]
[BlackElo "1736"]

1. e4 c5 2. c4 d6 3. Nc3 Nf6 4. Nf3 Nc6 5. a3 e6 6. d3 Be7 7. h3 O-O 8. Be2 Bd7
9. Bd2 a6 10. b3 Rb8 11. a4 Nd4 12. Nxd4 cxd4 13. Nb1 b5 14. axb5 axb5 15. Ba5
Qc8 16. Bd2 bxc4 17. bxc4 1-0

[Event "AUTO-ADV-4181"]
[Site "http://www.queenalice.com/game.php?id=1571849"]
[Date "2019.5.22"]
[Round "1"]
[White "Regina1962"]
[Black "renatomfelipe"]
[Result "0-1"]
[WhiteElo "1724"]
[BlackElo "1848"]

1. d4 d5 2. c4 dxc4 3. Nf3 b5 4. e4 e6 5. a4 c6 6. axb5 cxb5 7. Nc3 Bb4 8. Bd2
Bxc3 9. Bxc3 Ne7 10. Be2 Bb7 11. Qc2 a6 12. O-O O-O 13. Rad1 Qc7 14. Rfe1 Nd7
15. Bb4 Rfe8 16. b3 a5 17. Bxe7 Rxe7 0-1

[Event "AUTO-ADV-4181"]
[Site "http://www.queenalice.com/game.php?id=1571850"]
[Date "2019.5.22"]
[Round "1"]
[White "renatomfelipe"]
[Black "o3bor52"]
[Result "0-1"]
[WhiteElo "1790"]
[BlackElo "1913"]

1. e4 c5 2. Nc3 e6 3. d3 Nc6 4. Nf3 d6 5. Be2 h6 6. Be3 a6 7. a3 Nf6 8. h3 Be7
9. b3 O-O 10. g4 Nh7 11. h4 f6 12. h5 b5 13. Nh4 Re8 14. Ng6 Ne5 15. Nxe7+ Qxe7
16. f4 Nf7 17. Qd2 Bb7 18. Rg1 Rad8 19. Bf3 d5 20. Bf2 d4 21. Ne2 e5 22. fxe5
Nxe5 23. Bh1 Ng5 0-1

[Event "AUTO-ADV-4181"]
[Site "http://www.queenalice.com/game.php?id=1571851"]
[Date "2019.5.22"]
[Round "1"]
[White "o3bor52"]
[Black "renatomfelipe"]
[Result "1-0"]
[WhiteElo "1928"]
[BlackElo "1859"]

1. e4 e5 2. Nf3 d6 3. Bc4 h6 4. Nc3 c6 5. d3 b5 6. Bb3 a5 7. a4 b4 8. Ne2 Ba6 9.
O-O Be7 10. c4 c5 11. Bc2 Nc6 12. b3 Nf6 13. Bb2 Bc8 14. h3 Be6 15. Ng3 Qc7 16.
Nf5 Bxf5 17. exf5 Qc8 18. g4 g6 19. fxg6 fxg6 20. Nh4 Kf7 21. f4 g5 22. fxe5
dxe5 23. d4 cxd4 24. Ng6 Rh7 25. Nxe7 1-0

[Event "AUTO-INT-3404"]
[Site "http://www.queenalice.com/game.php?id=1580090"]
[Date "2019.8.12"]
[Round "2"]
[White "renatomfelipe"]
[Black "Alex_ac"]
[Result "0-1"]
[WhiteElo "1793"]
[BlackElo "1894"]

1. e4 g6 2. d4 e6 3. e5 Bg7 4. Nf3 Ne7 5. g4 a6 6. Bg5 O-O 7. h4 h6 8. Bf6 d6 9.
Bxg7 Kxg7 10. Nc3 Nbc6 0-1